000 00510nam a2200181Ia 4500
999 _c10043
_d10043
003 OSt
005 20191220154911.0
008 190216s9999||||xx |||||||||||||| ||und||
020 _a9780030244742
040 _coclc
082 _a338.5
_bNIC/M
100 _aNicholson, Walter
_9630
245 0 _aMicroeconomic Theory /
_cWalter Nicholson
260 _bThe Dryden Press,
_c1998.
_aSydney:
300 _a821 p
650 _aEconomics
942 _cBK
_2ddc
_h338.5
_iNIC/M
_k338.5
_mNIC/M